Southville International School and Colleges
Your cart is empty.
  • Cart
  • Lists
    Public lists Eva Luna New books Lux_list list_1
    Your lists Log in to create your own lists
  • Log in to your account
  • Your cookies
  • Search history
Southville International School and Colleges
  • Advanced search
  • Recent comments
  • Most popular
  • Libraries

Log in to your account

Log in with GOOGLE


If you do not have an external account, but do have a local account, you can still log in:

  1. Home
  2. MARC view: At midnight :
Normal view MARC view ISBD view

At midnight : (Record no. 368345)

[ view plain ]
MARC details
000 -LEADER
fixed length control field 00721nam a22002057a 4500
003 - CONTROL NUMBER IDENTIFIER
control field 0
005 - DATE AND TIME OF LATEST TRANSACTION
control field 20251024161355.0
008 - FIXED-LENGTH DATA ELEMENTS--GENERAL INFORMATION
fixed length control field 251024b xxu||||| |||| 00| 0 eng d
020 ## - INTERNATIONAL STANDARD BOOK NUMBER
International Standard Book Number 978-1-250-80602-4
050 ## - LIBRARY OF CONGRESS CALL NUMBER
Classification number PZ 8
Item number .A92 2022
100 ## - MAIN ENTRY--PERSONAL NAME
Personal name Adler, Dahlia,
Relator term editor.
245 ## - TITLE STATEMENT
Title At midnight :
Remainder of title fifteen beloved fairy tales reimagined /
Statement of responsibility, etc edited by Dahlia Adler.
246 ## - VARYING FORM OF TITLE
Title proper/short title Fifteen beloved fairy tales reimagined
260 ## - PUBLICATION, DISTRIBUTION, ETC. (IMPRINT)
Place of publication, distribution, etc New York :
Name of publisher, distributor, etc Flatiron Books,
Date of publication, distribution, etc 2022.
300 ## - PHYSICAL DESCRIPTION
Extent x, 454 pages ;
Dimensions 22 cm.
520 ## - SUMMARY, ETC.
Summary, etc A collection of fifteen contemporary retellings of classic fairy tales by diverse authors.
650 ## - SUBJECT ADDED ENTRY--TOPICAL TERM
Topical term or geographic name as entry element Fairy tales
General subdivision Adaptations
Form subdivision Fiction.
650 ## - SUBJECT ADDED ENTRY--TOPICAL TERM
Topical term or geographic name as entry element Young adult fiction.
942 ## - ADDED ENTRY ELEMENTS (KOHA)
Source of classification or shelving scheme Library of Congress Classification
Koha item type Books
Holdings
Withdrawn status Lost status Source of classification or shelving scheme Damaged status Home library Current library Shelving location Date acquired Source of acquisition Sub Shelving location Total Checkouts Full call number Barcode Date last seen Price effective from Koha item type
    Library of Congress Classification   Luxembourg Library Luxembourg Library Fiction Section 11/19/2024 Library Fund     PZ 8 .A92 2022 21429 10/24/2025 10/24/2025 Books

At midnight :

APA

Adler D., . (2022). At midnight. New York: Flatiron Books.

Chicago

Adler Dahlia, . 2022. At midnight. New York: Flatiron Books.

Harvard

Adler D., . (2022). At midnight. New York: Flatiron Books.

MLA

Adler Dahlia, . At midnight. New York: Flatiron Books. 2022.

  • Place hold
  • Print
  • Cite
  • Add to your cart (remove)
  • Save record
    BIBTEX Dublin Core MARCXML MARC (non-Unicode/MARC-8) MARC (Unicode/UTF-8) MARC (Unicode/UTF-8, Standard) MODS (XML) RIS
  • More searches
    Search for this title in:
    Other Libraries (WorldCat) Other Databases (Google Scholar) Online Stores (Bookfinder.com) Open Library (openlibrary.org)

Exporting to Dublin Core...

SOUTHVILLE LIBRARY

Southville International School and Colleges Library

1281 Tropical Ave. Cor. Luxembourg St., BF Homes International, Las Pinas City

Tel. No. 8256374 / 252358 Loc. 117/146

Powered by Koha